000 00541nam a2200193Ia 4500
005 20250508160932.0
008 008 250505s9999 xx 000 0 eng d
037 _aTextual
040 _aFEDL
_beng
_cFEDL
041 _aeng
_2eng
084 _a370, SUN
_qFEDL
100 _aSundaram P.S. Ed.
_9769788
245 0 _aEducation or catastrophe?
260 _aNew Delhi, India
_bVikas Publishing House Private Limited
_c1976
300 _a199p.
650 _aEducation
942 _cTEXL
_h370, SUN
999 _c1367491
_d1367491